000 00959nam a22002654a 4500
005 20090718145555.0
008 080304s2009 njua 001 0 eng
010 _aENG-94471
020 _a9788120336896
_c375.00
035 _aEN-78004
037 _bDBAD / PUB
040 _adpl
_bEnglish
082 _a511.1
100 _aKolman, Bernard
245 _aDiscrete mathematical structures /
_cby Bernard Kolman, Robert C. Busby [and] Sharon Cutler Ross
250 _a6th ed.
260 _aNew Delhi
_bPHI Learning
_c2009
270 _aM-97, Connaught Circus
_bNew Delhi
_e110001
300 _axv, 522, I-19p.
_b28cm(pbk)
500 _aIncludes index.
700 _aBusby, Robert C.
700 _aRoss, Sharon Cutler
942 _2ddc
_cEN
_h511.1
_mKOL
999 _c28414
_d28414